| 000 | 00946cam a22002651 4500 | ||
|---|---|---|---|
| 001 | 6028 | ||
| 003 | BD-RjUL | ||
| 005 | 20211208234154.0 | ||
| 008 | 080114s1955 ilua b 000 0 eng | ||
| 035 | _a(BD-RjUL)6067 | ||
| 035 | _a(OCoLC)1042986 | ||
| 040 |
_aDLC _cCtWeharU _dOCoLC _d(BD-RjUL) _beng |
||
| 041 | _aeng | ||
| 082 |
_a351.8 _bMCP 1955 |
||
| 110 | 2 |
_aW.E. Upjohn Institute for Employment Research. _99192 |
|
| 245 | 1 | 0 |
_aPublic works and employment from the local government point of view; _ba report of the W.E. Upjohn Institute for Community Research _c[by] Eugene C. McKean [and] Harold C. Taylor. |
| 260 |
_aChicago, _bPublic Administration Service, _c1955. |
||
| 300 |
_axiii, 274 p. _billus. _c24 cm. |
||
| 504 | _aBibliography: p. 257-266. | ||
| 650 | 0 |
_aPublic works _zUnited States. _918956 |
|
| 650 | 0 |
_aFull employment policies _zUnited States. _99104 |
|
| 942 |
_2ddc _cBK |
||
| 999 |
_c6028 _d6028 |
||